000
00284nam a2200121Ia 4500
005
20251222154314.0
008
251222s9999||||xx |||||||||||||| ||spa||
020
_a
84-320-9114-6
082
_a
818.4/C73
100
_a
"Cody, William Frederick"
245
0
_a
Buffalo Bill
942
_c
LIB
999
_c
33496
_d
33496